000
00246nam a22001097a 4500
008
180730b xxu||||| |||| 00| 0 eng d
082
_a
813.52
245
_a
Dialogues in Culture
_c
Edney,E.J
260
_c
2007
300
_a
1
_f
CD
942
_2
ddc
_c
MX
999
_c
46677
_d
46677